[Event "PUR-ch"]
[Site "San Juan"]
[Date "2023.08.27"]
[Round "4"]
[White "Figueroa Serrano, Kevin"]
[Black "Lugo Roldan, Jean Paul"]
[Result "0-1"]
[WhiteElo "1501"]
[BlackElo "2068"]
[PlyCount "60"]
[EventDate "2023.08.25"]
[EventType "swiss"]
[EventRounds "9"]
[EventCountry "PUR"]
[SourceTitle "CBM 216 Extra"]
[Source "ChessBase"]
[SourceDate "2023.11.30"]
[SourceVersion "1"]
[SourceVersionDate "2023.11.30"]
[SourceQuality "1"]

1. c4 Nf6 2. Nc3 e5 3. g3 d5 4. cxd5 Nxd5 5. Bg2 Nb6 6. a4 a5 7. Nf3 Nc6 8. 0-0 Be7 9. d4 exd4 10. Nb5 0-0 11. Nfxd4 Nxd4 12. Nxd4 c6 13. e4 Bf6 14. Ne2 Qxd1 15. Rxd1 Be6 16. Be3 Nc4 17. Bd4 Bxd4 18. Nxd4 Rfd8 19. Rab1 Nxb2 20. Rxb2 c5 21. Rxb7 cxd4 22. Bf1 g6 23. f3 Rac8 24. Rd2 Rc3 25. Kf2 Bc4 26. Rc7 Bd5 27. Rxc3 dxc3 28. Rd3 c2 29. Rc3 Bb3 30. Be2 Rd1 0-1